| 000 | 00778nam a2200265 a 4500 | ||
|---|---|---|---|
| 001 | BRCA_8285 | ||
| 005 | 20190320210218.0 | ||
| 008 | 120614s1922----gw-a###f##---#000-0#ger-# | ||
| 041 | _ager | ||
| 044 | _agw | ||
| 050 | 4 |
_aNK1068 _b.B8 1922 |
|
| 100 | 1 |
_aBuchard, Otto _920694 |
|
| 245 | 1 | 0 |
_aChinesische Kleinplastik _cOtto Burchard ; herausgegeben von Paul Westheim. |
| 260 |
_aBerlín _bE. Wasmuth _c[1922?] |
||
| 300 |
_a10 p. _bil., 48 láminas _c26 cm. |
||
| 440 | 0 |
_aOrbis Pictus; Weltkunst-Bücherei _v12 _920695 |
|
| 500 | _aS75 | ||
| 504 | _aBibliografía p. 8 | ||
| 650 | 1 | 4 |
_aObjetos de arte _zChina _913384 |
| 650 | 1 | 4 |
_aPlásticos _zChina _920696 |
| 650 | 1 | 4 |
_aCerámica _zChina _920697 |
| 700 | 1 |
_aWestheim, Paul _eed. _96016 |
|
| 902 | _aGFM | ||
| 942 |
_2lcc _cB |
||
| 999 |
_c7953 _d7953 |
||